000 01695cam a22004574i 4500
003 PE-LiUPU
005 20250731173220.0
008 150625s1976 miu rb 000 0 eng d
035 _a(Sirsi) a33692
040 _aPE-LiUPU
_bspa
_cPE-LiUPU
_erda
049 _aPRUA
082 0 4 _a221.07
_bNICOT
_221
100 1 _aCraigie, P. C.,
_eautor.
245 1 4 _aThe book of Deuteronomy /
_cP. C. Craigie.
264 1 _aGrand Rapids :
_bWilliam B. Eerdmans,
_c1976.
300 _a424 páginas ;
_c22 centímetros.
336 _atext
_2rdacontent
337 _aunmediated
_2rdamedia
338 _avolume
_2rdacarrier
490 0 _aThe New International Commentary on the Old Testament
504 _aNotas bibliográficas al pie de páginas.
505 0 _aIntroduction to Deutoronomy -- The Address of Moses: Historical prologue -- The address of Moses:the law -- The address of Moses: Blessing and curses -- The address of Moses: A concluding charge.
526 _aSEG42
526 _aSEG41
526 _aSEG40
526 _aSEG39
526 _aP94
526 _aP87
526 _aP86
526 _aP85
526 _aP77
526 _aP76
526 _aP35
630 _aBiblia.
_pA.T.
_pDeuteronomio
_xComentarios.
942 _2ddc
_cBOOK
949 _a221.07 NICOT 5
_wDEWEY
_c1
_i37793
_lCCODEBUL1
_mBUL
_p00.00
_r0
_sY
_tBOOK
_u2015-06-25
_xTEOLOGIA
_zUNKNOWN
_0COMPRA
_o.STAFF. Colección General
994 _aC0
_bPEPRU
596 _a1
999 _a221.07 NICOT 5
_wDEWEY
_c41467
_i37793
_d41467
_f2021-11-11
_g5
_lCCODEBUL1
_mBUL
_p39.10
_q5
_r0
_sY
_tBOOK
_u2015-6-25
_xTEOLOGIA
_PP35
_0COMPRA
_o.STAFF. Colección Teología
980 _81
_gALBERTO SANCHEZ Responsable de Automatización